|
|
|
|
| LEADER |
00000cam a2200000 7i4500 |
| 001 |
0000057810 |
| 005 |
20180221.0 |
| 008 |
110111 bm |
| 020 |
|
|
|a 9832431751
|
| 090 |
0 |
0 |
|a 333.33068 ABD
|
| 100 |
1 |
|
|a Abd. Rahman Hj. Mohd.Noor
|
| 245 |
1 |
0 |
|a Pengurusan Harta Tanah Komersil Dan Awam
|c Abd. Rahman Mohd. Noor
|
| 260 |
|
|
|a Petaling Jaya :
|b Leeds Publications ,
|c 2004
|
| 300 |
|
|
|a xix,162p :
|b ill. ;
|c 22cm.
|
| 650 |
0 |
0 |
|a Real Estate Management.
|
| 999 |
|
|
|a 0000089106
|b Buku
|c Rak Terbuka
|e Perbadanan Perpustakaan Awam Melaka
|
| 999 |
|
|
|a 0000092739
|b Buku
|c Rak Terbuka
|e Perpustakaan Cawangan Merlimau
|
| 999 |
|
|
|a 0000096790
|b Buku
|c Rak Terbuka
|e Perpustakaan Cawangan Merlimau
|
| 999 |
|
|
|a 287078
|b Buku
|c Rak Terbuka
|e Perbadanan Perpustakaan Awam Melaka
|
| 999 |
|
|
|a 287079
|b Buku
|c Rak Terbuka
|e Perpustakaan Cawangan Masjid Tanah
|
| 999 |
|
|
|a 287080
|b Buku
|c Rak Terbuka
|e Perpustakaan Cawangan Jasin
|
| 999 |
|
|
|a 287081
|b Buku
|c Rak Terbuka
|e Perbadanan Perpustakaan Awam Melaka
|